| Tag |
First Indicator |
Second Indicator |
Subfields |
| LEADER |
00000cam a2200000 a 4500 |
| 001 |
in00001406624 |
| 005 |
20151020072820.0 |
| 008 |
960321s1995 at b 000 0 eng d |
| 020 |
|
|
|a 0731703383
|
| 035 |
|
|
|a (OCoLC)38398300
|
| 035 |
|
|
|9 AHQ3569AM
|
| 040 |
|
|
|a AUT
|c AUT
|d TXA
|d UtOrBLW
|
| 043 |
|
|
|a u-at---
|
| 049 |
|
|
|a TXAS [mil]
|
| 050 |
|
0 |
|a U704.A8
|b R1 1995
|
| 100 |
1 |
|
|a Smith, Hugh,
|d 1943-
|
| 245 |
1 |
0 |
|a Officer education and the 'military after next' :
|b a response to the Price Report /
|c by Hugh Smith.
|
| 264 |
|
1 |
|a Canberra, A.C.T. :
|b Australian Defence Studies Centre,
|c 1995.
|
| 300 |
|
|
|a 17 pages ;
|c 30 cm.
|
| 336 |
|
|
|a text
|b txt
|2 rdacontent
|
| 337 |
|
|
|a unmediated
|b n
|2 rdamedia
|
| 338 |
|
|
|a volume
|b nc
|2 rdacarrier
|
| 490 |
1 |
|
|a Working paper ;
|v no. 33
|
| 504 |
|
|
|a Includes bibliographical references (page 17).
|
| 610 |
2 |
0 |
|a Australian Defence Force Academy
|x Evaluation.
|
| 630 |
0 |
0 |
|a Price report.
|
| 650 |
|
0 |
|a Military education
|z Australia
|x Evaluation.
|
| 650 |
|
0 |
|a Military education
|z Australia
|x Planning.
|
| 651 |
|
0 |
|a Australia
|x Armed Forces
|x Officers
|x Education (Higher)
|x Planning.
|
| 710 |
2 |
|
|a Australian Defence Studies Centre.
|
| 710 |
1 |
|
|a Australia.
|b Parliament.
|b Joint Committee on Foreign Affairs, Defence, and Trade.
|t Officer education : the military after next.
|
| 830 |
|
0 |
|a Working paper (Australian Defence Studies Centre) ;
|v no. 33.
|
| 948 |
|
|
|a c:mkz
|
| 999 |
|
|
|a MARS
|
| 999 |
f |
f |
|s 87e96d8d-19a4-3ac4-a855-b885910885f9
|i 1d6f20ad-7369-3109-85cb-ee25f1b634d3
|t 0
|
| 952 |
f |
f |
|p noncirc
|a Texas A&M University
|b College Station
|c Cushing Memorial Library & Archives
|d Cushing: Ragan Military (Does not check out)
|t 0
|e U704.A8 R1 1995
|h Library of Congress classification
|i unmediated -- volume
|
| 998 |
f |
f |
|a U704.A8 R1 1995
|t 0
|l Cushing: Ragan Military (Does not check out)
|